Thinking nonviolence: (Record no. 1309862)

MARC details
000 -LEADER
fixed length control field 01089cam a22003495i 4500
001 - CONTROL NUMBER
control field 23959096
005 - DATE AND TIME OF LATEST TRANSACTION
control field 20250501110856.0
008 - FIXED-LENGTH DATA ELEMENTS--GENERAL INFORMATION
fixed length control field 241220s2024 ii 000 0 eng
010 ## - LIBRARY OF CONGRESS CONTROL NUMBER
LC control number 2024367842
020 ## - INTERNATIONAL STANDARD BOOK NUMBER
International Standard Book Number 9789356404786
025 ## - OVERSEAS ACQUISITION NUMBER
Overseas acquisition number I-E-2024367842; 03-90
037 ## - SOURCE OF ACQUISITION
Terms of availability TB
040 ## - CATALOGING SOURCE
Original cataloging agency CRL
Language of cataloging eng
Description conventions rda
Transcribing agency CRL
041 ## - LANGUAGE CODE
Source of code eng
Language code of text/sound track or separate title eng
042 ## - AUTHENTICATION CODE
Authentication code lcode
084 ## - COLON CLASSIFICATION NUMBER
Classification number W:87 R4
Assigning agency CRL
100 ## - MAIN ENTRY--PERSONAL NAME
Personal name Jahanbegloo, Ramin
245 00 - TITLE STATEMENT
Title Thinking nonviolence:
Remainder of title struggle and resistance
260 ## - PUBLICATION, DISTRIBUTION, ETC.
Place of publication, distribution, etc. New Delhi, India:
Name of publisher, distributor, etc. Bloomsbury Publishing India Pvt. Ltd,
Date of publication, distribution, etc. 2024.
264 #1 - PRODUCTION, PUBLICATION, DISTRIBUTION, MANUFACTURE, AND COPYRIGHT NOTICE
Date of production, publication, distribution, manufacture, or copyright notice 2024.
300 ## - PHYSICAL DESCRIPTION
Extent 153p.
336 ## - CONTENT TYPE
Content type term text
Content type code txt
Source rdacontent
337 ## - MEDIA TYPE
Media type term unmediated
Media type code n
Source rdamedia
338 ## - CARRIER TYPE
Carrier type term volume
Carrier type code nc
Source rdacarrier
365 ## - TRADE PRICE
Price amount 1599.00
Currency code INR
650 ## - SUBJECT ADDED ENTRY--TOPICAL TERM
Topical term or geographic name entry element Violance
9 (RLIN) 753635
650 ## - SUBJECT ADDED ENTRY--TOPICAL TERM
Topical term or geographic name entry element Political Science
906 ## - LOCAL DATA ELEMENT F, LDF (RLIN)
a 7
b par
c origode
d 3
e ncip
f 20
g y-gencatlg
942 ## - ADDED ENTRY ELEMENTS (KOHA)
Source of classification or shelving scheme Colon Classification (CC)
Koha item type Textbook
Classification part W:87 R4
Suppress in OPAC No
Holdings
Withdrawn status Lost status Source of classification or shelving scheme Damaged status Not for loan Home library Current library Date acquired Source of acquisition Cost, normal purchase price Inventory number Total Checkouts Full call number Barcode Date last seen Price effective from Koha item type
    Colon Classification (CC)     Central Library Central Library 2025-05-01 Bright Book Service 1599.00 2388 & 2024-11-29   W:87 R4 CL1681654 2025-05-01 2025-05-01 Textbook
Copyright @ Delhi University Library System